[Event "DVM U12 2014"]
[Site "Verden/Aller GER"]
[Date "2014.12.28"]
[Round "4"]
[White "Mailitis, Ricardo"]
[Black "Feicht, Florian"]
[Result "1-0"]
[Termination "normal"]
[Board "6.2"]
[WhiteElo "1473"]
[BlackElo "1573"]
[WhiteTeam "VfR-SC Koblenz"]
[BlackTeam "TV Tegernsee"]
[PlyCount "40"]
[WhiteFideId "12977535"]
[BlackFideId "12960888"]
[EventCountry "GER"]
[EventRounds "7"]
[EventType "team-swiss"]
[EventDate "2014.12.26"]

1. e4 e5 2. f4 exf4 3. Nf3 d6 4. d4 Nf6 5. Nc3 Bg4 6. Bxf4 Be7 7. Be2 c6 8. O-O
d5 9. Qd3 Bb4 10. a3 Bxc3 11. bxc3 Nxe4 12. Qc4 Nf6 13. Rab1 Qe7 14. Rfe1 O-O
15. Qc5 Qd7 16. Qb4 Re8 17. Bd1 Rxe1+ 18. Nxe1 Bxd1 19. Bxb8 Bxc2 20. Nxc2 Rxb8
{Nicht rekonstruierbar} 1-0

[Event "DVM U12 2014"]
[Site "Verden/Aller GER"]
[Date "2014.12.28"]
[Round "4"]
[White "Feicht, Franz"]
[Black "Riedel, Thomas"]
[Result "0-1"]
[Termination "normal"]
[Board "6.3"]
[WhiteElo "1576"]
[BlackElo "1199"]
[WhiteTeam "TV Tegernsee"]
[BlackTeam "VfR-SC Koblenz"]
[PlyCount "76"]
[WhiteFideId "12960896"]
[BlackFideId "12988278"]
[EventCountry "GER"]
[EventRounds "7"]
[EventType "team-swiss"]
[EventDate "2014.12.26"]

1. e4 e5 2. Nf3 Nc6 3. Bc4 Bc5 4. d3 Nf6 5. Nc3 d6 6. h3 Be6 7. Bb3 d5 8. exd5
Nxd5 9. Ne4 Bb6 10. Bd2 h6 11. Qe2 f5 12. Nc3 Qd6 13. Bxd5 Bxd5 14. Nxd5 Qxd5
15. Bc3 O-O-O 16. O-O Rde8 17. Qd2 g5 18. Rfe1 g4 19. hxg4 fxg4 20. Nh4 g3 21.
Re2 gxf2+ 22. Rxf2 Bxf2+ 23. Qxf2 Ref8 24. Qe2 Rhg8 25. Nf3 Rxf3 26. Rf1 Rfg3
27. Rf2 h5 28. Kf1 h4 29. Qe4 Qxe4 30. dxe4 h3 31. gxh3 Rxh3 32. Ke2 Rh4 33.
Ke3 Kd7 34. Rf7+ Kd6 35. a3 Rg3+ 36. Rf3 Rxf3+ 37. Kxf3 Nd4+ 38. Ke3 Nxc2+ 0-1

[Event "DVM U12 2014"]
[Site "Verden/Aller GER"]
[Date "2014.12.28"]
[Round "4"]
[White "Stahnecker, Hagen"]
[Black "Kleine, Jakob"]
[Result "0-1"]
[Termination "normal"]
[Board "6.4"]
[WhiteElo "989"]
[BlackElo "1528"]
[WhiteTeam "VfR-SC Koblenz"]
[BlackTeam "TV Tegernsee"]
[PlyCount "60"]
[WhiteFideId "16225422"]
[BlackFideId "12979821"]
[EventCountry "GER"]
[EventRounds "7"]
[EventType "team-swiss"]
[EventDate "2014.12.26"]

1. e4 e5 2. Nf3 Nc6 3. Bc4 Bc5 4. O-O Nf6 5. d3 d6 6. c3 Bg4 7. h3 Bh5 8. b4
Nxb4 9. cxb4 Bxf3 10. Qxf3 Bd4 11. Nc3 Bxc3 12. Rb1 Bd4 13. Bg5 h6 14. Be3 Bxe3
15. fxe3 O-O 16. Rbd1 Qd7 17. d4 Qc6 18. Bd3 exd4 19. exd4 Qc3 20. e5 Qxd4+ 21.
Kh1 Qxe5 22. Rfe1 Qg5 23. Qxb7 c5 24. Bc4 Qh5 25. Rxd6 cxb4 26. Qxb4 Rae8 27.
Rxe8 Rxe8 28. Bb3 a5 29. g4 Qxh3+ 30. Kg1 Nxg4 0-1

[Event "DVM U12 2014"]
[Site "Verden/Aller GER"]
[Date "2014.12.28"]
[Round "4"]
[White "Heckmann, Till"]
[Black "Kitzig, Tobias"]
[Result "1/2-1/2"]
[Termination "normal"]
[Board "7.1"]
[WhiteElo "1530"]
[BlackElo "1442"]
[WhiteTeam "SV Empor Berlin"]
[BlackTeam "VfL 1990 Gera"]
[PlyCount "85"]
[WhiteFideId "12987093"]
[EventCountry "GER"]
[EventRounds "7"]
[EventType "team-swiss"]
[EventDate "2014.12.26"]

1. e4 e5 2. Bc4 Nf6 3. d3 Nc6 4. Nf3 Bc5 5. O-O O-O 6. c3 d6 7. h3 a6 8. Nbd2
b5 9. Bb3 Bb6 10. Re1 Bb7 11. Nf1 Ne7 12. Bg5 Ng6 13. Ng3 h6 14. Be3 Bxe3 15.
Rxe3 Re8 16. Re1 d5 17. Qc2 c5 18. Rad1 Qc8 19. Qc1 c4 20. Bc2 cxd3 21. Bxd3
dxe4 22. Nxe4 Nf4 23. Nd6 Qc6 24. Nxe8 Rxe8 25. Be2 N6h5 26. Qe3 Qg6 27. Nh4
Qg5 28. Bxh5 Qxh5 29. g3 Nxh3+ 30. Kf1 g5 31. Nf5 Ng1 32. Nh4 Nf3 33. Rd7 Nxe1
34. Rxb7 gxh4 35. Kxe1 hxg3 36. Qxg3+ Kf8 37. Ra7 Qh1+ 38. Ke2 Qe4+ 39. Kf1 Rd8
40. f3 Rd1+ 41. Kg2 Qe2+ 42. Qf2 Qxf2+ 43. Kxf2 1/2-1/2

[Event "DVM U12 2014"]
[Site "Verden/Aller GER"]
[Date "2014.12.28"]
[Round "4"]
[White "Herrmann, Nick"]
[Black "Pysarenko, Kyrill"]
[Result "0-1"]
[Termination "normal"]
[Board "7.2"]
[WhiteElo "1235"]
[BlackElo "1408"]
[WhiteTeam "VfL 1990 Gera"]
[BlackTeam "SV Empor Berlin"]
[PlyCount "66"]
[WhiteFideId "12971499"]
[BlackFideId "12974250"]
[EventCountry "GER"]
[EventRounds "7"]
[EventType "team-swiss"]
[EventDate "2014.12.26"]

1. e4 c5 2. d4 cxd4 3. c3 d3 4. Bxd3 d6 5. Be3 e6 6. Nd2 Nf6 7. Ngf3 Nbd7 8.
Qc2 a6 9. O-O Be7 10. Bg5 b5 11. Rfe1 Qc7 12. Rad1 Bb7 13. Re2 h6 14. Bf4 Ng4
15. h3 Nge5 16. Nxe5 Nxe5 17. Bxe5 dxe5 18. Nf3 O-O 19. Ree1 Rad8 20. Qe2 Rd7
21. Bc2 Bd6 22. Rd2 Rfd8 23. Red1 Kf8 24. b3 Qxc3 25. Qd3 Qxd3 26. Bxd3 f6 27.
Bc2 g5 28. g4 Ke7 29. Nh2 Rc8 30. f3 Rxc2 31. Rxc2 Bc5+ 32. Rxc5 Rxd1+ 33. Nf1
Kd6 0-1

[Event "DVM U12 2014"]
[Site "Verden/Aller GER"]
[Date "2014.12.28"]
[Round "4"]
[White "Breitzmann, Sander"]
[Black "Schulze, Nick"]
[Result "1-0"]
[Termination "normal"]
[Board "7.3"]
[WhiteElo "1410"]
[BlackElo "1288"]
[WhiteTeam "SV Empor Berlin"]
[BlackTeam "VfL 1990 Gera"]
[PlyCount "57"]
[WhiteFideId "12987085"]
[BlackFideId "12971847"]
[EventCountry "GER"]
[EventRounds "7"]
[EventType "team-swiss"]
[EventDate "2014.12.26"]

1. e4 c5 2. f4 e6 3. d3 d6 4. Nf3 Nc6 5. Nc3 Bd7 6. g3 Nf6 7. Bg2 Qc8 8. O-O
Be7 9. h3 h5 10. Be3 g6 11. Qd2 e5 12. fxe5 dxe5 13. Ng5 Nd8 14. Kh2 Ne6 15.
Rf2 Qd8 16. Nxe6 Bxe6 17. Raf1 h4 18. g4 Nh7 19. Nd5 Bxd5 20. exd5 f6 21. c4
Qd6 22. Be4 Rg8 23. Qe1 O-O-O 24. Rc2 Nf8 25. Qa5 Kb8 26. b4 b6 27. bxc5 bxa5
28. cxd6 Bxd6 29. Rb2+ 1-0

[Event "DVM U12 2014"]
[Site "Verden/Aller GER"]
[Date "2014.12.28"]
[Round "4"]
[White "Aniol, Adrian"]
[Black "Albrecht, Constantin"]
[Result "0-1"]
[Termination "normal"]
[Board "7.4"]
[WhiteElo "1339"]
[BlackElo "1175"]
[WhiteTeam "VfL 1990 Gera"]
[BlackTeam "SV Empor Berlin"]
[PlyCount "29"]
[WhiteFideId "16229967"]
[BlackFideId "16236106"]
[EventCountry "GER"]
[EventRounds "7"]
[EventType "team-swiss"]
[EventDate "2014.12.26"]

1. e4 e5 2. Nf3 Nc6 3. Bc4 Bc5 4. c3 Nf6 5. d3 h6 6. a4 a6 7. b4 Ba7 8. O-O O-O
9. Ba3 d6 10. Re1 Bd7 11. d4 Re8 12. Qb3 d5 13. Bxd5 Nxd5 14. Qxd5 Be6 15. dxe5
0-1

[Event "DVM U12 2014"]
[Site "Verden/Aller GER"]
[Date "2014.12.28"]
[Round "4"]
[White "Grube, Olaf"]
[Black "Astner, Sebastian"]
[Result "0-1"]
[Termination "normal"]
[Board "8.2"]
[WhiteElo "1164"]
[BlackElo "1437"]
[WhiteTeam "Schach-Kids Bernhausen"]
[BlackTeam "FC Ergolding"]
[PlyCount "38"]
[WhiteFideId "12956988"]
[BlackFideId "12979422"]
[EventCountry "GER"]
[EventRounds "7"]
[EventType "team-swiss"]
[EventDate "2014.12.26"]

1. e4 c5 2. c4 d6 3. d3 Nf6 4. Nc3 g6 5. g3 Nc6 6. Bg2 Bg7 7. Nge2 O-O 8. O-O
Be6 9. Be3 Qd7 10. Nf4 Rad8 11. Qd2 Ne5 12. a3 Bg4 13. f3 Be6 14. b4 b6 15.
Rad1 Ne8 16. Nfd5 Nc7 17. Rc1 f5 18. Bh3 fxe4 19. Bxe6+ Nxe6 { Partie nicht
weiter nachvollziehbar} 0-1

[Event "DVM U12 2014"]
[Site "Verden/Aller GER"]
[Date "2014.12.28"]
[Round "4"]
[White "Kühne, Maria"]
[Black "Späth, Christoph"]
[Result "1/2-1/2"]
[Termination "normal"]
[Board "8.3"]
[WhiteElo "1204"]
[BlackElo "1166"]
[WhiteTeam "FC Ergolding"]
[BlackTeam "Schach-Kids Bernhausen"]
[PlyCount "96"]
[WhiteFideId "12997412"]
[EventCountry "GER"]
[EventRounds "7"]
[EventType "team-swiss"]
[EventDate "2014.12.26"]

1. e4 e5 2. Nf3 Nc6 3. d4 Nxd4 4. Nxd4 exd4 5. Qxd4 Qf6 6. Qxf6 Nxf6 7. Nd2 Bc5
8. Be2 d5 9. exd5 Nxd5 10. Nb3 Bb6 11. Bd2 O-O 12. O-O Bf5 13. Bf3 Rad8 14. c4
Nf6 15. c5 Bxc5 16. Nxc5 Rxd2 17. Nxb7 Rxb2 18. Rfc1 Rc8 19. Nc5 Bg4 20. Bc6
Rd8 21. f3 Bh5 22. Nb3 h6 23. Bb7 Rd7 24. Bc8 Re7 25. Ba6 Nd5 26. Rc5 Nf4 27.
Bf1 Bg6 28. Nd4 Bd3 29. g3 Ne2+ 30. Bxe2 Bxe2 31. Rc3 a6 32. f4 Rd7 33. Nb3 Bb5
34. Rc5 Re7 35. Nd4 Bd3 36. Rc3 Bg6 37. f5 Bh5 38. h3 Be2 39. g4 Rd2 40. Nxe2
Rdxe2 41. a3 R2e3 42. Rac1 Rxc3 43. Rxc3 g6 44. fxg6 fxg6 45. Kf2 Kg7 46. Kf3
g5 47. Rc6 a5 48. Ra6 Re5 1/2-1/2

[Event "DVM U12 2014"]
[Site "Verden/Aller GER"]
[Date "2014.12.28"]
[Round "4"]
[White "Ungerer, Tobias"]
[Black "Ottmair, Clemens"]
[Result "1-0"]
[Termination "normal"]
[Board "8.4"]
[WhiteElo "1148"]
[BlackElo "1105"]
[WhiteTeam "Schach-Kids Bernhausen"]
[BlackTeam "FC Ergolding"]
[PlyCount "87"]
[WhiteFideId "12970999"]
[EventCountry "GER"]
[EventRounds "7"]
[EventType "team-swiss"]
[EventDate "2014.12.26"]

1. e4 e5 2. Nf3 Nc6 3. d4 exd4 4. Bc4 Nf6 5. O-O Bc5 6. c3 dxc3 7. Nxc3 d6 8.
h3 h6 9. Re1 O-O 10. a3 Be6 11. Ba2 Qd7 12. b4 Bb6 13. Be3 Rad8 14. Qd2 Rfe8
15. Bxh6 gxh6 16. Qxh6 Nh7 17. Nd5 Bxd5 18. Bxd5 Ne5 19. Ng5 Nxg5 20. Qxg5+ Kf8
21. Qh6+ Ke7 22. Ra2 Rh8 23. Qg5+ Ke8 24. Qf6 Rg8 25. Qh4 c6 26. Bb3 Qe7 27.
Qf4 Nd3 28. Qf3 Nxe1 29. Qh5 Rf8 30. Qe2 Nxg2 31. Kxg2 d5 32. Qe1 dxe4 33. Re2
f5 34. Bc2 Qg5+ 35. Kf1 Rg8 36. Rxe4+ fxe4 37. Qxe4+ Kf8 38. Qf3+ Kg7 39. h4
Qg4 40. Qxg4+ Kf8 41. Qf5+ Ke8 42. Qe6+ Kf8 43. Bb3 Rg7 44. Qf6+ 1-0

[Event "DVM U12 2014"]
[Site "Verden/Aller GER"]
[Date "2014.12.28"]
[Round "4"]
[White "Chernykh, Arkady"]
[Black "Gkegkas, Michail"]
[Result "1-0"]
[Termination "normal"]
[Board "9.1"]
[WhiteElo "1426"]
[BlackElo "989"]
[WhiteTeam "Karlsruher SF 1853"]
[BlackTeam "SC Heitersheim"]
[PlyCount "52"]
[WhiteFideId "12989436"]
[BlackFideId "16251067"]
[EventCountry "GER"]
[EventRounds "7"]
[EventType "team-swiss"]
[EventDate "2014.12.26"]

1. d4 d5 2. Nf3 Nc6 3. e3 e6 4. a3 Nf6 5. Nbd2 Bd6 6. Bd3 Bd7 7. b3 Qe7 8. Bb2
O-O 9. Ne5 a6 10. O-O h6 11. f4 Nh7 12. Rf3 f6 13. Ng6 Qf7 14. Nxf8 Rxf8 15.
Rg3 Qe7 16. Qh5 Be8 17. Qxh6 f5 18. Nf3 Rf6 19. Qh4 Nd8 20. Rh3 Bg6 21. Ng5
Nxg5 22. fxg5 Rf8 23. Be2 Qe8 24. Rf1 c5 25. dxc5 Bxc5 26. Qh8+ Kf7 1-0

[Event "DVM U12 2014"]
[Site "Verden/Aller GER"]
[Date "2014.12.28"]
[Round "4"]
[White "Gkegkas, Viktor"]
[Black "Fidlin, Simon"]
[Result "0-1"]
[Termination "normal"]
[Board "9.2"]
[WhiteElo "1133"]
[BlackElo "1334"]
[WhiteTeam "SC Heitersheim"]
[BlackTeam "Karlsruher SF 1853"]
[PlyCount "107"]
[WhiteFideId "16247396"]
[BlackFideId "16217535"]
[EventCountry "GER"]
[EventRounds "7"]
[EventType "team-swiss"]
[EventDate "2014.12.26"]

1. e4 e6 2. d4 d5 3. e5 c5 4. c3 Nc6 5. Nf3 Qb6 6. Nbd2 cxd4 7. Nb3 dxc3 8.
bxc3 Qc7 9. Bb5 a6 10. Bxc6+ bxc6 11. O-O Ne7 12. Bf4 Ng6 13. Bg3 Be7 14. Qe2
a5 15. Rfe1 a4 16. Nc1 Ba6 17. Qe3 O-O 18. h3 Rfb8 19. Ne2 a3 20. Nf4 Qb6 21.
Nxg6 hxg6 22. Qf4 Qd8 23. Bh4 Bxh4 24. Qxh4 Qxh4 25. Nxh4 Rb2 26. Red1 c5 27.
Nf3 Bc4 28. Ng5 Rxa2 29. Rxa2 Bxa2 30. Ra1 Bb3 31. Nf3 a2 32. Nd2 Bc2 33. Kf1
d4 34. cxd4 cxd4 35. Ke2 Kf8 36. Nc4 Bb1 37. Nd2 Rb8 38. Kd1 Ke7 39. Kc1 Rc8+
40. Kd1 Bc2+ 41. Kc1 Be4+ 42. Kd1 Bd5 43. g3 Kd7 44. h4 Rc3 45. g4 d3 46. f4
Kc6 47. h5 gxh5 48. gxh5 Kc5 49. Ke1 Rc2 50. Kd1 Kd4 51. Ke1 Ke3 52. Nf1+ Kxf4
53. Nd2 Kxe5 54. Nf1 0-1

[Event "DVM U12 2014"]
[Site "Verden/Aller GER"]
[Date "2014.12.28"]
[Round "4"]
[White "Kokschenev, Michael"]
[Black "Rommel, Tobias"]
[Result "0-1"]
[Termination "normal"]
[Board "9.3"]
[WhiteElo "1086"]
[BlackElo "989"]
[WhiteTeam "Karlsruher SF 1853"]
[BlackTeam "SC Heitersheim"]
[PlyCount "80"]
[WhiteFideId "12983721"]
[EventCountry "GER"]
[EventRounds "7"]
[EventType "team-swiss"]
[EventDate "2014.12.26"]

1. e4 e5 2. Nf3 Nc6 3. Bc4 Bc5 4. c3 Nf6 5. d4 exd4 6. cxd4 Bb4+ 7. Nc3 Bxc3+
8. bxc3 O-O 9. Bg5 h6 10. Bh4 d6 11. Qc2 Bg4 12. e5 Bxf3 13. gxf3 dxe5 14. dxe5
Nxe5 15. Be2 Re8 16. Rd1 Nxf3+ 17. Kf1 Qc8 18. Bxf3 Qh3+ 19. Bg2 Qxh4 20. Bxb7
Rab8 21. Bg2 Re7 22. Re1 Qc4+ 23. Re2 Rbe8 24. Bf3 Nd5 25. Ke1 Rxe2+ 26. Bxe2
Nxc3 27. Kf1 Rxe2 28. Qxc3 Qxc3 29. Kxe2 c5 30. Rd1 c4 31. Rd2 Qa3 32. Kd1 c3
33. Rd3 Qb2 34. Rxc3 Qxc3 35. Ke2 Kh7 36. f4 Kg6 37. h4 Kf5 38. h5 Ke4 39. f5
Qc2+ 40. Kf1 Kf3 0-1

[Event "DVM U12 2014"]
[Site "Verden/Aller GER"]
[Date "2014.12.28"]
[Round "4"]
[White "Schoch, Justus"]
[Black "Fidlin, Maximilian"]
[Result "1/2-1/2"]
[Termination "normal"]
[Board "9.4"]
[WhiteElo "778"]
[BlackElo "1051"]
[WhiteTeam "SC Heitersheim"]
[BlackTeam "Karlsruher SF 1853"]
[PlyCount "88"]
[BlackFideId "12982555"]
[EventCountry "GER"]
[EventRounds "7"]
[EventType "team-swiss"]
[EventDate "2014.12.26"]

1. e4 e6 2. Nc3 d5 3. exd5 exd5 4. Qe2+ Be6 5. d3 Bb4 6. Bd2 Nf6 7. Nf3 Nc6 8.
a3 Ba5 9. g3 O-O 10. Bg2 Re8 11. O-O Qd7 12. Rfe1 Bg4 13. Qd1 h6 14. b4 Bb6 15.
Na4 Bd4 16. Nc5 Qc8 17. Rxe8+ Qxe8 18. c3 Be5 19. Nxb7 Bd6 20. Nxd6 cxd6 21.
Qa4 Ne5 22. Qxe8+ Rxe8 23. Nxe5 dxe5 24. c4 dxc4 25. dxc4 Rc8 26. h3 Bf5 27. c5
Ne4 28. Bxe4 Bxe4 29. Bc3 f6 30. f4 exf4 31. gxf4 a5 32. Re1 Bf5 33. Re3 Kf7
34. Kf2 g6 35. h4 Be6 36. Kf3 Bd5+ 37. Kg3 axb4 38. Bxb4 Bc6 39. Rd3 Ke6 40.
Rd6+ Kf5 41. Bc3 Be8 42. Kf3 Bc6+ 43. Kg3 Be8 44. Kf3 Bc6+ 1/2-1/2

[Event "DVM U12 2014"]
[Site "Verden/Aller GER"]
[Date "2014.12.28"]
[Round "4"]
[White "Kittelberger, Mattis"]
[Black "Diel, Tom"]
[Result "1-0"]
[Termination "normal"]
[Board "10.1"]
[WhiteElo "1564"]
[BlackElo "1230"]
[WhiteTeam "SC Aurich"]
[BlackTeam "SV Lendersdorf 57"]
[PlyCount "33"]
[WhiteFideId "12965103"]
[BlackFideId "16258428"]
[EventCountry "GER"]
[EventRounds "7"]
[EventType "team-swiss"]
[EventDate "2014.12.26"]

1. e4 e5 2. Nf3 Nc6 3. Bc4 Bc5 4. c3 Nf6 5. d4 exd4 6. e5 Ng4 7. cxd4 Bb4+ 8.
Nc3 d6 9. h3 Nh6 10. Bxh6 gxh6 11. exd6 Bxd6 12. O-O Bd7 13. Re1+ Be7 14. Nd5
Kf8 15. Nxe7 Nxe7 16. Ne5 Be6 17. Bxe6 1-0

[Event "DVM U12 2014"]
[Site "Verden/Aller GER"]
[Date "2014.12.28"]
[Round "4"]
[White "Sorokin, Michael"]
[Black "Rajendram, Reanosh"]
[Result "0-1"]
[Termination "normal"]
[Board "10.2"]
[WhiteElo "1129"]
[BlackElo "1249"]
[WhiteTeam "SV Lendersdorf 57"]
[BlackTeam "SC Aurich"]
[PlyCount "70"]
[WhiteFideId "16229045"]
[BlackFideId "12965162"]
[EventCountry "GER"]
[EventRounds "7"]
[EventType "team-swiss"]
[EventDate "2014.12.26"]

1. e4 c5 2. c3 Nf6 3. e5 Nd5 4. Bc4 Qc7 5. Bxd5 Qxe5+ 6. Qe2 Qxd5 7. Nf3 e6 8.
d4 cxd4 9. cxd4 Bb4+ 10. Nc3 Bxc3+ 11. bxc3 O-O 12. O-O b6 13. Rd1 Qd6 14. Bg5
Qc7 15. Rac1 Bb7 16. Rc2 f6 17. Bh4 Nc6 18. c4 Nb4 19. Rc3 Nd5 20. Rc2 Nf4 21.
Qe3 Ng6 22. Bg3 Qc8 23. c5 Ne7 24. Qb3 Bd5 25. Qa3 Re8 26. Rdc1 Nc6 27. cxb6
axb6 28. Qc3 Bxf3 29. gxf3 Qb7 30. Qe3 Rac8 31. Bd6 Qa8 32. Kh1 e5 33. dxe5
fxe5 34. Rg1 Nd4 35. Qg5 Qxf3+ 0-1

[Event "DVM U12 2014"]
[Site "Verden/Aller GER"]
[Date "2014.12.28"]
[Round "4"]
[White "Abele, Anais"]
[Black "Klein-Uebbing, Niklas"]
[Result "1/2-1/2"]
[Termination "normal"]
[Board "10.3"]
[WhiteElo "1105"]
[BlackElo "1143"]
[WhiteTeam "SC Aurich"]
[BlackTeam "SV Lendersdorf 57"]
[PlyCount "91"]
[WhiteFideId "16208927"]
[EventCountry "GER"]
[EventRounds "7"]
[EventType "team-swiss"]
[EventDate "2014.12.26"]

1. e4 e5 2. Nf3 Nc6 3. Bc4 Bc5 4. d3 d6 5. c3 Be6 6. Bb3 Nf6 7. O-O O-O 8. Re1
Bb6 9. Nbd2 Qe7 10. Nf1 Na5 11. Bc2 a6 12. Ng3 Ng4 13. Rf1 Nc6 14. h3 Nf6 15.
Re1 Rac8 16. Be3 Bxe3 17. Rxe3 Na7 18. a4 c6 19. b4 b5 20. Bb3 d5 21. exd5 cxd5
22. Rxe5 Nc6 23. Re1 Qc7 24. axb5 axb5 25. Qc2 Ra8 26. Ng5 Rxa1 27. Rxa1 h6 28.
Nf3 Qb6 29. Qa2 Re8 30. Qa6 Rb8 31. Qxb6 Rxb6 32. Ne2 d4 33. Bxe6 fxe6 34.
Nexd4 Nxd4 35. Nxd4 e5 36. Nf3 e4 37. dxe4 Nxe4 38. Rc1 Rc6 39. Ne1 Rc7 40. f3
Nxc3 41. Kf1 Kf7 42. Nd3 Nd5 43. Rxc7+ Nxc7 44. Ke2 Nd5 45. g4 g6 46. Kf2
1/2-1/2

[Event "DVM U12 2014"]
[Site "Verden/Aller GER"]
[Date "2014.12.29"]
[Round "5"]
[White "Suvorov, Alexander"]
[Black "Engel, Luis"]
[Result "0-1"]
[Termination "normal"]
[Board "1.1"]
[WhiteElo "1823"]
[BlackElo "2113"]
[WhiteTeam "SG Porz"]
[BlackTeam "Hamburger SK von 1830"]
[PlyCount "110"]
[WhiteFideId "12977063"]
[BlackFideId "12961523"]
[EventCountry "GER"]
[EventRounds "7"]
[EventType "team-swiss"]
[EventDate "2014.12.26"]

1. d4 d5 2. Nf3 Nf6 3. c4 c6 4. cxd5 cxd5 5. Nc3 e6 6. Bf4 Be7 7. e3 a6 8. Bd3
O-O 9. O-O Nbd7 10. a3 b5 11. Rc1 Bb7 12. Ne5 Rc8 13. h3 Nb6 14. Be2 Nfd7 15.
Nd3 Nc4 16. Nb1 a5 17. b4 Bc6 18. Bf3 Ra8 19. Qb3 Qb6 20. Rc2 Ra7 21. Rfc1 Rfa8
22. Rc3 h6 23. Kh2 Nf6 24. Ne5 axb4 25. axb4 Ra4 26. Nd3 Be8 27. g4 Ra2 28. Bg3
Nxe3 29. Nc5 Nc4 30. R1c2 Ra1 31. Bg2 Bd6 32. Nd2 Qb8 33. Nxc4 bxc4 34. Qb2
Bxg3+ 35. fxg3 Nd7 36. Re3 Nxc5 37. bxc5 Bc6 38. Ree2 R1a3 39. Qxb8+ Rxb8 40.
Ra2 Rbb3 41. Rxa3 Rxa3 42. Rb2 c3 43. Rc2 Ba4 44. Rc1 c2 45. Bf1 e5 46. Kg2
exd4 47. Kf2 Rc3 48. Ke1 Rxc5 49. Kd2 Rc3 50. Bd3 g6 51. h4 Bb3 52. h5 g5 53.
Re1 Kf8 54. Rc1 Kg7 55. Rf1 Bc4 0-1

[Event "DVM U12 2014"]
[Site "Verden/Aller GER"]
[Date "2014.12.29"]
[Round "5"]
[White "Pajeken, Jakob Leon"]
[Black "Suvorov, Luca"]
[Result "0-1"]
[Termination "normal"]
[Board "1.2"]
[WhiteElo "1730"]
[BlackElo "1757"]
[WhiteTeam "Hamburger SK von 1830"]
[BlackTeam "SG Porz"]
[PlyCount "114"]
[WhiteFideId "12942839"]
[BlackFideId "12977071"]
[EventCountry "GER"]
[EventRounds "7"]
[EventType "team-swiss"]
[EventDate "2014.12.26"]

1. e4 c6 2. d4 d5 3. Nc3 dxe4 4. Nxe4 Bf5 5. Ng3 Bg6 6. N1e2 e6 7. Nf4 Bd6 8.
Nfh5 Bf8 9. Be2 Nd7 10. Bf4 Ngf6 11. O-O Nxh5 12. Nxh5 Bxh5 13. Bxh5 g6 14. Bf3
Nf6 15. c3 Bg7 16. Qb3 Qd7 17. Rfe1 O-O 18. Rad1 Rfd8 19. Be5 Rac8 20. c4 Ne8
21. Bxg7 Kxg7 22. d5 exd5 23. cxd5 c5 24. Qc3+ Kg8 25. h3 Qd6 26. Qe5 Qxe5 27.
Rxe5 Nd6 28. Re7 c4 29. Rc1 Kf8 30. Re3 b5 31. a3 a5 32. g4 b4 33. axb4 axb4
34. Be2 Rc5 35. Kg2 Rdc8 36. b3 c3 37. Rd3 Ra8 38. Rd4 Rb8 39. Rc2 Ke7 40. Kf3
Kf6 41. Kf4 g5+ 42. Ke3 Ke5 43. Bf3 Ne8 44. Kd3 Kd6 45. Ke4 Ra5 46. Kd3 Nf6 47.
Re2 Nd7 48. Be4 Nc5+ 49. Kc4 Ra3 50. Bc2 Ra2 51. f3 Rb2 52. f4 Nxb3 53. Rd1
Nd2+ 54. Kd3 b3 55. Kxc3 Rxc2+ 56. Kd3 Nc4 57. Re4 Nb2+ 0-1

[Event "DVM U12 2014"]
[Site "Verden/Aller GER"]
[Date "2014.12.29"]
[Round "5"]
[White "Sewald, Richard"]
[Black "Holinka, Henning"]
[Result "1/2-1/2"]
[Termination "normal"]
[Board "1.3"]
[WhiteElo "1562"]
[BlackElo "1799"]
[WhiteTeam "SG Porz"]
[BlackTeam "Hamburger SK von 1830"]
[PlyCount "74"]
[WhiteFideId "12983586"]
[BlackFideId "12967084"]
[EventCountry "GER"]
[EventRounds "7"]
[EventType "team-swiss"]
[EventDate "2014.12.26"]

1. Nf3 g6 2. d3 Bg7 3. c4 d6 4. Nc3 Nc6 5. g3 Nf6 6. Bg2 O-O 7. O-O e5 8. Bd2
Ne8 9. Ne1 f5 10. f4 Nf6 11. e3 h6 12. a3 exf4 13. exf4 Ne7 14. Qc2 c6 15. Nf3
c5 16. Rfe1 a6 17. h4 Rb8 18. Rab1 b5 19. b3 Nc6 20. Na2 Bb7 21. Bc3 Qd7 22.
Kh2 Kh7 23. Bxf6 Bxf6 24. b4 Nd4 25. Nxd4 Bxd4 26. Re2 Bxg2 27. Kxg2 Rbe8 28.
Rbe1 Qc6+ 29. Kh2 Qf3 30. cxb5 axb5 31. bxc5 dxc5 32. Nc1 Be3 33. Nb3 Bg1+ 34.
Kxg1 Qxg3+ 35. Kf1 Qf3+ 36. Kg1 Qg3+ 37. Kf1 Qf3+ 1/2-1/2

[Event "DVM U12 2014"]
[Site "Verden/Aller GER"]
[Date "2014.12.29"]
[Round "5"]
[White "Meyling, Lennart"]
[Black "Gallasch, Robin"]
[Result "1-0"]
[Termination "normal"]
[Board "1.4"]
[WhiteElo "1648"]
[BlackElo "1096"]
[WhiteTeam "Hamburger SK von 1830"]
[BlackTeam "SG Porz"]
[PlyCount "27"]
[WhiteFideId "12947130"]
[BlackFideId "16222423"]
[EventCountry "GER"]
[EventRounds "7"]
[EventType "team-swiss"]
[EventDate "2014.12.26"]

1. d4 Nf6 2. Nc3 g6 3. Bf4 Bg7 4. Nf3 d6 5. e3 O-O 6. Bd3 Nbd7 7. h4 Re8 8. h5
Nxh5 9. Rxh5 gxh5 10. Bxh7+ Kxh7 11. Ng5+ Kg8 12. Qxh5 Nf8 13. Qxf7+ Kh8 14.
O-O-O 1-0

[Event "DVM U12 2014"]
[Site "Verden/Aller GER"]
[Date "2014.12.29"]
[Round "5"]
[White "Dietz, Florian"]
[Black "Krastev, Alexander"]
[Result "1-0"]
[Termination "normal"]
[Board "2.1"]
[WhiteElo "1805"]
[BlackElo "1727"]
[WhiteTeam "Reideburger SV 90 Halle"]
[BlackTeam "Biebertaler Schachfreunde"]
[PlyCount "54"]
[WhiteFideId "12939897"]
[BlackFideId "12989983"]
[EventCountry "GER"]
[EventRounds "7"]
[EventType "team-swiss"]
[EventDate "2014.12.26"]

1. e4 e5 2. Nf3 Nc6 3. Bc4 Bc5 4. c3 Nf6 5. d3 O-O 6. Nbd2 d5 7. exd5 Nxd5 8.
Ne4 Be7 9. O-O Bg4 10. h3 Bh5 11. Ng3 Bg6 12. Re1 Nb6 13. Bb5 f6 14. d4 exd4
15. Nxd4 Nxd4 16. cxd4 c6 17. Bf1 Bb4 18. Qb3+ Nd5 19. Rd1 Bf7 20. Bc4 Bd6 21.
Qxb7 Nb4 22. Be2 Re8 23. Nf5 Rb8 24. Qxa7 Rxe2 25. g3 Ra8 26. Qb7 Rxa2 27. Rxa2
Bxa2 1-0

[Event "DVM U12 2014"]
[Site "Verden/Aller GER"]
[Date "2014.12.29"]
[Round "5"]
[White "Pralle, Finnegan"]
[Black "Post, Hugo"]
[Result "0-1"]
[Termination "normal"]
[Board "2.2"]
[WhiteElo "1698"]
[BlackElo "1760"]
[WhiteTeam "Biebertaler Schachfreunde"]
[BlackTeam "Reideburger SV 90 Halle"]
[PlyCount "68"]
[WhiteFideId "12986615"]
[BlackFideId "12962490"]
[EventCountry "GER"]
[EventRounds "7"]
[EventType "team-swiss"]
[EventDate "2014.12.26"]

1. e4 c5 2. Nc3 Nc6 3. g3 g6 4. Bg2 Bg7 5. d3 d6 6. Be3 e6 7. Nge2 Nd4 8. Qd2
Ne7 9. Bh6 O-O 10. h3 Bxh6 11. Qxh6 Nxc2+ 12. Kd2 Nxa1 13. h4 Nc6 14. f4 Qf6
15. e5 Qg7 16. Qg5 h6 17. Qg4 h5 18. Qh3 dxe5 19. g4 hxg4 20. Qxg4 exf4 21. h5
e5 22. Qf3 g5 23. h6 Qh7 24. Ne4 f6 25. Bh3 Bxh3 26. Qxh3 Rfd8 27. Qe6+ Kh8 28.
Nc1 Qxe4 29. Rh3 Qg2+ 30. Ke1 Nc2+ 31. Kd1 Ne3+ 32. Rxe3 fxe3 33. Ne2 Rxd3+ 34.
Ke1 Qf2# 0-1